000 00279nam a22001217a 4500
008 170607b xxu||||| |||| 00| 0 eng d
041 _aeng
080 _a329
100 _a18
101 _aSHP
245 _aPOLITICAL PARTIES PRIMARES KENTUCKY
_cMILLER.P.M
942 _2udc
_cBK
999 _c16214
_d16214